000 00267nam a22001097a 4500
008 170118b xxu||||| |||| 00| 0 eng d
020 _a9780131383722
041 _aeng
080 _a618.2
245 _aELECTRONIC HEALTH RECORDS AND NURSING
_cGARTEE, R
942 _2udc
_cBK
999 _c3128
_d3128